00399nam a2200145Ia 4500003000400000008004100004040001600045082001600061100001700077245006600094700001700160260004800177300001100225650001700236GCL140319s9999 xx 000 0 eng d aGCL / cGCL04a940.53bD O1 aDEAR, I.C.B.10aTHE OXFORD COMPANION TO THE SECOND WORLD WAR / cDEAR, I.C.B.1 aFOOT, M.R.D. a[S.N] : bOXFORD UNIVERSITY PRESS ، c1995 a1343 P04aWORLD WAR II